| 000 | 01064nam a2200277Ia 4500 | ||
|---|---|---|---|
| 001 | 18509 | ||
| 003 | GE_BSU | ||
| 008 | 181216s||||||||xx |||||||||||||| ||und|| | ||
| 040 | _cGE_BSU | ||
| 080 | _a338.48(075.8) | ||
| 082 | _a987-9941-17-739-2 | ||
| 100 | _aმარგველაშვილი,მაია | ||
| 245 | _aტურიზმის ეკონომიკა | ||
| 245 | _bსახელმძღვ. | ||
| 245 | _cრედ. ჩიქობავა, მალხაზ | ||
| 260 | _aთბილისი | ||
| 260 | _bუნივერსალი | ||
| 260 | _c2012 | ||
| 300 | _a337 გვ. ; 25 სმ.. | ||
| 300 | _eბიბლიოგრ.: გვ. 332-337. | ||
| 541 | _h24ლ.60თ. | ||
| 653 | _aსახელმძღვ. | ||
| 653 | _aტურიზმის ეკონომიკა | ||
| 653 | _aტურიზმის ეკონომიკა - სახელმძღვანელოები უმაღლესი სასწავლებლებისათვის | ||
| 942 | _cBK | ||
| 999 |
_c51520 _d51520 |
||